College Football Top 100 Players 2021 - Statistics

General Stats
  • This quiz has been taken 97 times
  • The average score is 25 of 100
Answer Stats
# School Position Answer % Correct
46. Notre Dame RB Kyren Williams
77%
1. Oklahoma QB Spencer Rattler
75%
6. Ohio State WR Chris Olave
68%
21. Alabama QB Bryce Young
65%
2. LSU CB Derek Stingley
65%
5. North Carolina QB Sam Howell
64%
14. Texas RB Bijan Robinson
60%
3. Oregon DE Kayvon Thibodeaux
57%
16. Liberty QB Malik Willis
55%
19. Ohio State WR Garrett Wilson
54%
18. Ole Miss QB Matt Corral
54%
20. Cincinnati QB Desmond Ridder
51%
9. Iowa State RB Breece Hall
50%
7. Notre Dame S Kyle Hamilton
49%
4. Alabama OT Evan Neal
46%
86. Arizona State QB Jayden Daniels
43%
10. Alabama LB Will Anderson Jr.
43%
24. Georgia QB JT Daniels
42%
26. Cincinnati CB Ahmad Gardner
39%
94. Texas A&M WR/RB Ainias Smith
39%
41. Georgia DB Tykee Smith
39%
61. Ohio State DL Tyreke Smith
39%
8. Oklahoma WR Marvin Mims
36%
29. Iowa State QB Brock Purdy
35%
12. Southern Cal QB Kedon Slovis
35%
22. Alabama WR John Metchie III
33%
53. Michigan DL Aidan Hutchinson
32%
33. Central Florida QB Dillon Gabriel
32%
45. Indiana QB Michael Penix Jr.
31%
31. Coastal Carolina QB Grayson McCall
30%
98. Oregon WR Johnny Johnson III
30%
47. Notre Dame TE Michael Mayer
30%
23. Alabama LB Christian Harris
29%
27. Auburn RB Tank Bigsby
29%
50. Southern Cal WR Drake London
27%
74. Georgia WR George Pickens
27%
69. South Carolina RB Kevin Harris
27%
36. Miami (FL) QB D'Eriq King
26%
28. Clemson QB DJ Uiagalelei
26%
44. Kansas State RB Deuce Vaughn
24%
13. Texas A&M RB Isaiah Spiller
24%
87. Georgia DT Jordan Davis
24%
34. LSU WR Kayshon Boutte
24%
65. Louisville QB Malik Cunningham
24%
11. Clemson DT Bryan Bresee
23%
95. Penn State WR Jahan Dotson
23%
57. Clemson DL Tyler Davis
23%
90. Georgia RB Zamir White
21%
99. Oklahoma DT Isaiah Thomas
20%
17. Texas A&M OG Kenyon Green
20%
68. Arkansas WR Treylon Burks
20%
32. Iowa OL Tyler Linderbaum
20%
58. Clemson DE Xavier Thomas
20%
39. Clemson WR Justyn Ross
19%
55. Minnesota RB Mohamed Ibrahim
19%
83. Boston College WR Zay Flowers
19%
54. Indiana WR Ty Fryfogle
18%
15. Texas A&M DE DeMarvin Leal
17%
48. Alabama LB Henry To'o To'o
17%
42. Texas A&M TE Jalen Wydermyer
17%
40. Florida CB Kaiir Elam
17%
64. Oklahoma RB Kennedy Brooks
17%
52. Mississippi State OT Charles Cross
15%
51. Iowa State TE Charlie Kolar
15%
56. Southern Cal LB Drake Jackson
15%
71. Purdue DL George Karlaftis
14%
25. Clemson DE Myles Murphy
14%
96. Iowa RB Tyler Goodson
14%
62. Northwestern S Brandon Joseph
13%
70. Ole Miss RB Jerrion Ealy
13%
37. Oklahoma OLB/DE Nik Bonitto
13%
35. LSU CB Eli Ricks
12%
30. Ohio State DL Haskell Garrett
12%
92. Washington DB Trent McDuffie
12%
76. Utah LB Devin Lloyd
11%
63. Alabama TE Jahleel Billingsley
11%
43. Alabama DB Malachi Moore
10%
93. Cincinnati DE Myjai Sanders
10%
77. Auburn S Smoke Monday
10%
89. Washington TE Cade Otton
8%
38. Alabama DB Josh Jobe
8%
97. Oregon RB CJ Verdell
7%
79. SMU WR Reggie Roberson Jr.
7%
49. Ohio State OL Thayer Munford
7%
72. West Virginia DT Dante Stills
6%
67. Kentucky OT Darian Kinnard
6%
85. Texas LB DeMarvion Overshown
6%
60. South Carolina LB Kingsley Enagbare
6%
100. Louisiana OL O'Cyrus Torrence
6%
80. North Carolina CB Tony Grimes
6%
73. TCU CB Tre'Vius Hodges-Tomlinson
6%
84. Iowa State DE Will McDonald IV
6%
59. Florida LB Brenton Cox Jr.
5%
81. Wisconsin LB Jack Sanborn
5%
78. TCU DE Ochaun Mathis
5%
75. Indiana CB Tiawan Mullen
5%
88. Arkansas LB Grant Morgan
4%
91. Washington OL Jaxson Kirkland
4%
66. Alabama DE LaBryan Ray
4%
82. Iowa State LB Mike Rose
4%
No matching quizzes found
Score Distribution
Percent of People with Each Score
Percentile by Number Answered
Your Score History
You have not taken this quiz